| 000 | 00615nam a2200229 4500 | ||
|---|---|---|---|
| 001 | 00028952 | ||
| 005 | 20260429083959.0 | ||
| 008 | 260429b ag ||||| |||| 00| 0 spa d | ||
| 020 | _a8441308500 | ||
| 040 |
_aAR-CcCEOS _bspa _cAR-CcCEOS |
||
| 041 | _aspa | ||
| 080 | _a94:7(32) | ||
| 090 | _bCAS v.2 | ||
| 100 | 1 |
_aCasson, Lionel, _d1914-2009 _91113 |
|
| 245 |
_aLos faraones : _bVolumen II / _cLionel Casson |
||
| 264 |
_aBarcelona : _bFolio, _c1997. |
||
| 300 |
_a176 p. ; _c24x18 cm. |
||
| 490 | _vAtlas culturales del mundo | ||
| 650 | 0 |
_ahistoria _990 |
|
| 655 | 0 |
_aarte _9138 |
|
| 942 |
_2udc _n0 _cBK |
||
| 999 |
_c29005 _d29005 |
||